02526nam a2200253 a 450000100100000000500170001000800410002704000250006808200170009310000300011024500820014025000120022226000610023430000430029550000620033850508910040050507510129165000350204265000280207770000260210504900090213195201150214099900170225500002673520250429110432.0110222s2000 dr abc 000 0 spa d aDO-SdBNPbspacBNPHU a901.9bC719h1 aColón, Juand1962-986310aHistoria de las civilizaciones /cJuan Colón; colaboración Luisa Navarro. a8va ed. aSanto Domingo :bEditorial EducandofAlfa y Omegac2000. a[157 p.] :bil., maps. retr. ;c29 cm. aIncluye datos biográficos del autor en la contraportada2 aPrólogo -- Metodología general de las ciencias sociales -- Historia de las civilizaciones -- Egipto -- Mesopotamia (hoy Irak) -- Persia o Irán-- Fenicia -- Los Hebreos -- La India -- China -- Grecia -- Esparta y Atenas -- Roma -- El critianismo -- La edad Media -- Arabia -- El feudalismo -- El Imperio Carolingio -- El imperio Bizantino -- Las cruzadas -- Grandes cambios de fines de la edad media -- El renacimiento -- Los grandes inventos, los escubrimientos geográficos -- Transformación político social de Europa en la edad moderna. La monarqueía absoluta y la burguesía , economía y comercio-- La reforma religiosa -- La conquista de América y la preponderancia española en el siglo xvi -- La revolución inglesa -- La ilustración y la nuevas ideas políticas, económicas y sociales. El enciclopedismo. El despotismo ilustrados. Difusión en América2 aLa independecia de los Estados Unidos de América -- La época contemporánea -- La revolución francesa. Causas -- Absolutismo y liberalismo en Europa -- La revolución industrial. Consecuencias sociales, económicas y políticas -- El arte de los siglos xvii, y xix, barroco, rococó, neoclacismo y romanticismo, realismo e impresionalismo -- La primera guerra mundial. Antecedentes y causas del conflixto -- El Fascismo y el Nazismo -- La segunda guerra mundial -- La liberación de los pueblos de Asia, Áfricay Oceanía y nacimiento de nuevos países -- La cultura, las ciencias y el avance tecnológico. Desarrollo de las comunicaciones y conquista del espacio -- Caída del Bloque Soviético -- La guerra del golfo pércico 4aCivilizaciónxHistoria94894 0aHistoria universal99331 aNavarro, Luisa911168 aBNPD 0010718PDaPDbPDcCTd2011-03-24iLF1l0o901.9 C719hp26735-10r2020-06-25w2020-06-25yLFPDZNo se presta c26227d26227